All you need to know about Your Body by age 7 / (Record no. 198084)

MARC details
000 -LEADER
fixed length control field 01134nam a2200289 i 4500
003 - CONTROL NUMBER IDENTIFIER
control field OSt
005 - DATE AND TIME OF LATEST TRANSACTION
control field 20241223100931.0
008 - FIXED-LENGTH DATA ELEMENTS--GENERAL INFORMATION
fixed length control field 241223t20232023enka b 001 0 eng d
020 ## - INTERNATIONAL STANDARD BOOK NUMBER
International Standard Book Number 9781803701639
Terms of availability RM 69.00
Qualifying information hardback
040 ## - CATALOGING SOURCE
Original cataloging agency PPAK
Language of cataloging eng
Transcribing agency PPAK
Description conventions rda
082 04 - DEWEY DECIMAL CLASSIFICATION NUMBER
Edition number 23
Classification number 612
090 00 - LOCALLY ASSIGNED LC-TYPE CALL NUMBER (OCLC); LOCAL CALL NUMBER (RLIN)
Classification number (OCLC) (R) ; Classification number, CALL (RLIN) (NR) 612
Feature heading JAM
Feature heading K
100 1# - MAIN ENTRY--PERSONAL NAME
Personal name James, Alice,
Relator term author,
-- editor.
245 ## - TITLE STATEMENT
Title All you need to know about Your Body by age 7 /
Statement of responsibility, etc. Alice James ; Illustrated by Stefano Tognetti ; Designed by Alice Reese
246 30 - VARYING FORM OF TITLE
Title proper/short title Your body
336 ## - CONTENT TYPE
Content type term text
Source rdacontent
337 ## - MEDIA TYPE
Media type term unmediated
Source rdamedia
338 ## - CARRIER TYPE
Carrier type term volume
Source rdacarrier
500 ## - GENERAL NOTE
General note Includes index
520 ## - SUMMARY, ETC.
Summary, etc. "From your brilliant bones and buzzing brain, to big feelings and growing up, this book covers everything you need to know about your amazing body and how to look after it"--Publisher's description
650 10 - SUBJECT ADDED ENTRY--TOPICAL TERM
Topical term or geographic name entry element Human anatomy
Form subdivision Juvenile literature
Topical term or geographic name entry element Human body
Form subdivision Juvenile literature
655 ## - INDEX TERM--GENRE/FORM
Genre/form data or focus term Juvenile works
700 1# - ADDED ENTRY--PERSONAL NAME
Personal name Tognetti, Stefano,
Dates associated with a name 1966-
Relator term illustrator.
Personal name Reese, Alice,
Relator term book designer.
942 ## - ADDED ENTRY ELEMENTS (KOHA)
Source of classification or shelving scheme Dewey Decimal Classification
Koha item type Book
Holdings
Withdrawn Not for loan Current library Shelving location Date acquired Total Checkouts Full call number Barcode Date last seen Date last checked out Koha item type Checked out
    Perpustakaan Alor Setar Pinjaman Kanak-kanak 02/02/2025 3 K 612 JAM A01856289 30/07/2025 09/07/2025 Book  
    Perpustakaan Awam Sungai Petani Pinjaman Kanak-kanak 02/02/2025 7 K 612 JAM A01856290 08/03/2026 28/01/2026 Book  
    Perpustakaan Baling Pinjaman Kanak-kanak 02/02/2025 1 K 612 JAM A01856293 15/06/2025 28/05/2025 Book  
    Perpustakaan Kulim Pinjaman Kanak-kanak 02/02/2025 2 K 612 JAM A01856292 22/02/2026 22/02/2026 Book 15/03/2026
    Perpustakaan Langkawi Pinjaman Kanak-kanak 02/02/2025 1 K 612 JAM A01856291 06/11/2025 16/10/2025 Book